Diagonales la revue de la francophonie linguistique, culturelle, educative

Αποθηκεύτηκε σε:
Λεπτομέρειες βιβλιογραφικής εγγραφής
Μορφή: Περιοδική έκδοση
Γλώσσα:English
Δημοσίευση: Paris : Hachette et Larousse, 1987-1998
Θέματα:
Ετικέτες: Προσθήκη ετικέτας
Δεν υπάρχουν, Καταχωρήστε ετικέτα πρώτοι!

MARC

LEADER 00000nas a2200000 i 4500
001 1/76526
008 080303d19871998fr eng d
022 |a 09829644 
035 |l 10095207 
040 |a GR-MY-UA  |b gre  |e aacr 
041 0 |a eng 
082 0 |a 440.7 
245 1 0 |a Diagonales  |h [περιοδικό] :  |b la revue de la francophonie linguistique, culturelle, educative 
260 |a Paris :   |b Hachette et Larousse,   |c 1987-1998 
300 |a 48 τ.;  |b εικ.;  |c 28 εκ. 
310 |a Τριμηνιαίο, April 1990- ; Προηγούμενη συχνότητα: 3 φορές το χρόνο 
500 |a Σταμάτησε με το τεύχος 48 το 1998 
650 0 0 |a French language  |x Study and teaching  |x Periodicals. 
901 |a BIBL4-2008-1 
970 |a ΚΟΖΑ  |b ΜΑΡΙΑ  |z 2008/03/03